书目信息 |
| 题名: |
文化语境与审美感悟
|
|
| 作者: | 马茂洋 | |
| 分册: | ||
| 出版信息: | 北京 华龄出版社 1994 |
|
| 页数: | 253页 | |
| 开本: | 20cm | |
| 丛书名: | ||
| 单 册: | ||
| 中图分类: | B262 | |
| 科图分类: | ||
| 主题词: | 哲学--中国--现代 | |
| 电子资源: | ||
| ISBN: | 7-80082-597-3 | |
| 000 | 00516nam0 2200181 450 | |
| 001 | 0728815141 | |
| 005 | 20070819080015.14 | |
| 010 | @a7-80082-597-3@d¥11.80 | |
| 100 | @a20070819d km y0chiy0120 ea | |
| 101 | 0 | @achi |
| 200 | 1 | @a文化语境与审美感悟@Awen hua yu jing yu shen mei gan wu@f马茂洋@Fma mao yang |
| 210 | @a北京@c华龄出版社@d1994 | |
| 215 | @a253页@d20cm | |
| 606 | 0 | @a哲学@x中国@x现代 |
| 690 | @aB262@v3 | |
| 701 | 0 | @a马茂洋@Ama mao yang |
| 801 | 0 | @aCN@bPFT@c20070819 |
| 905 | @a213230@dB262@eZW250@f1 | |
| 文化语境与审美感悟/马茂洋.-北京:华龄出版社,1994 |
| 253页;20cm |
| ISBN 7-80082-597-3:¥11.80 |
| ● |
| 相关链接 |
|
|
|
|
正题名:文化语境与审美感悟
索取号:B262/ZW250
 
预约/预借
| 序号 | 登录号 | 条形码 | 馆藏地/架位号 | 状态 | 备注 |
| 1 | 7600390 | 276003904 | 密集书库-文学院/ [索取号:B262/ZW250] | 在馆 |